| 000 | 00507nam a2200145 4500 | ||
|---|---|---|---|
| 020 |
_a0805338004 _a0805338020 (pbk.) |
||
| 050 | 0 | 0 |
_aQD415 _b.H38 |
| 100 | 1 |
_aHendrickson, James B. _d1928- |
|
| 245 | 1 | 4 |
_aThe molecules of nature : _ba survey of the biosynthesis and chemistry of natural products / _c[by] James B. Hendrickson. |
| 260 |
_aReading, Mass. [USA] : _bW. A. Benjamin Inc., _cc1965. |
||
| 300 | _axiii, 189 p. | ||
| 500 | _aincludes index | ||
| 650 |
_bNatural products ; _bBiosynthesis |
||
| 942 | _cGEN | ||
| 999 |
_c2081 _d2081 |
||